| 000 | 01119nas a2200337 4500 | ||
|---|---|---|---|
| 001 | BR2012000560 | ||
| 003 | BR-BrBNA | ||
| 005 | 20231205120033.0 | ||
| 007 | ta | ||
| 008 | 230509b bl.|||p| |||| 00| 00por d | ||
| 040 |
_aBR-BrBNA _bpor _cBiblioteca Nacional de Agricultura |
||
| 041 | _a(En) | ||
| 072 | _aH10 | ||
| 100 | 1 | _aVieira, S.S. | |
| 100 | 1 | _aBueno, A.F. | |
| 100 | 1 | _aBoff, M.I.C. | |
| 100 | 1 | _aBueno, R.C.O.F. | |
| 100 | 1 | _aHoffman-Campo, C.B. | |
| 245 | 1 | _aResistance of soybean genotypes to Bemisia tabaci (Genn.)biotype B (Hemiptera: Aleyrodidae) | |
| 246 | 1 | _aResistance of soybean genotypes to Bemisia tabaci (Genn.)biotype B (Hemiptera: Aleyrodidae) | |
| 650 | _aBEMISIA TABACI | ||
| 650 | _aMOSCA BRANCA | ||
| 650 | _aPRAGA DE PLANTA | ||
| 650 | _aSOJA | ||
| 650 | _aGLYCINE MAX | ||
| 650 | _aRESISTÊNCIA | ||
| 773 | 0 |
_tNeotropical Entomology (Brazil) _xISSN 1519-566X _g(Jan-Feb 2011), v. 40(1) p. 117-122 _wBR2012000560 |
|
| 856 | 4 |
_uhttp://www.scielo.br/pdf/ne/v40n1/18.pdf _yRecurso eletrônico (PDF) |
|
| 909 |
_a202311 _bLúcia _c55 _dLúcia Elande |
||
| 942 |
_2AGRIS _n0 _cANA |
||
| 999 |
_c216775 _d216775 |
||